000
00298nam a22001337a 4500
003
SGT
082
_a
634
_b
GAR
100
_a
GARDNER VICTOR RAY
245
_a
THE FUNDAMENTALS OF FRUIT PRODUCTION
260
_a
NEW YORK
_b
MC GROW HILL PUB
_c
1952
300
_a
739
650
_a
AG
942
_2
ddc
_c
RARE
999
_c
33702
_d
33702